Trouvez le joueur avec le transfert - Statistiques

Statistiques générales
  • Ce quiz a été pris 1 614 fois
  • Le résultat moyen est 3 sur 6
Statistiques - réponses
Hint Réponse % Correct
ESTAC Troyes-> As Saint Etienne-> Paris SG-> Juventus-> Inter Miami. Matuidi
94%
Marseille-> Arsenal FC-> Manchester City-> Seville FC-> Antalyaspor-> West Ham-> Anderlecht-> Retraite. Nasri
73%
Cruzeiro -> Ajax Amsterdam-> Inter Milan-> Empoli-> FC Barcelone-> Paris SG-> Retraite. Maxwell
49%
FC Sochaux -> KSV Roulers-> Club Bruges-> Borussia Dortmund-> VfL Wolfsburg-> Inter Milan-> Bayern Munich-> Inter Milan. Perisic
42%
Arsenal FC-> West Bromwich Albion-> Werder Brême-> Bayern Munich-> Hoffenheim-> Bayern Munich. Gnabry
38%
Tours FC-> Lorient FC-> Clermont Foot-> Udinese Calcio-> AS Rome-> Bayern Munich-> Juventus-> Al-Duhail-> Fatih Karagümrük-> Retraite. Benatia
24%
Aucun quiz correspondant
Distribution des résultats
% des personnes avec chaque résultat
Percentile par nombre de réponses
Votre historique - résultats
Vous n’avez pas pris ce quiz